000 00310nam a2200133Ia 4500
008 240624s9999 xx 000 0 und d
041 _aeng
082 _a823 DAR
100 _aDARUWALA KEKI N
245 _aNIGHT RIVER AND POEMS
260 _c2001
_aNew Delhi
_bRupa & Co.
300 _a124 : p.
365 _cRS
999 _c17160
_d17160